Govern en l'era de la informació: reptes per al govern local / Ministeri de Medi Ambient, Transport i Regions (Gran Bretanya) reptes per al govern local / Ministeri de Medi Ambient, Transport i Regions (Gran Bretanya)
Descripción Física:
8 p. ; 30 cm
Colección:
Ressenya ; 2
MARC
| LEADER | 00000nam a2200000Ia 4500 | ||
|---|---|---|---|
| 001 | 17056 | ||
| 008 | 160829s2001 xx 000 0 cat d | ||
| 080 | |a FU-32-17 | ||
| 110 | 1 | |a Gran Bretanya. |b Department of the Environment, Transport and the Regions |9 55448 | |
| 245 | |a Govern en l'era de la informació: |b reptes per al govern local / Ministeri de Medi Ambient, Transport i Regions (Gran Bretanya) | ||
| 250 | |a Ed. no venal | ||
| 260 | |a Barcelona : |b diputació de Barcelona, |c 2001 | ||
| 300 | |a 8 p. ; |c 30 cm | ||
| 490 | |a Ressenya ; 2 | ||
| 590 | |a A la coberta: Diputació de Barcelona ; Flor de Maig, Centre per a la Innovació Local | ||
| 650 | 0 | |a Administració local |9 34286 | |
| 650 | 0 | |a Administració local |z Anglaterra |9 36186 | |
| 650 | |a Informació |x Innovacions tecnològiques |9 28066 | ||
| 901 | |a Arxiu | ||
| 942 | |n 1 | ||
| 952 | |0 0 |1 0 |4 0 |6 FU3217 |7 1 |9 47207 |a Arxiu |b Arxiu |d 2016-12-01 |l 0 |o FU-32-17 |p 17056 |r 2016-12-01 00:00:00 |w 2016-12-01 |y ARXIU | ||
| 999 | |c 51004 |d 51004 | ||